The glass devil / (Record no. 3472)

MARC details
000 -LEADER
fixed length control field 00770nam a2200229 ar4500
001 - CONTROL NUMBER
control field 3474
005 - DATE AND TIME OF LATEST TRANSACTION
control field 20221127090746.0
008 - FIXED-LENGTH DATA ELEMENTS--GENERAL INFORMATION
fixed length control field 130910s xxu 0001f|eng d
020 ## - INTERNATIONAL STANDARD BOOK NUMBER
International Standard Book Number 9781569474891(pbk)
082 04 - DEWEY DECIMAL CLASSIFICATION NUMBER
Classification number 839.78
Item number T869 2007
100 1# - MAIN ENTRY--PERSONAL NAME
Personal name Tursten, Helene.
245 14 - TITLE STATEMENT
Title The glass devil /
Statement of responsibility, etc. Helene Tursten ; translated by Katarina E. Tucker.
260 ## - PUBLICATION, DISTRIBUTION, ETC.
Place of publication, distribution, etc. New York :
Name of publisher, distributor, etc. Soho Press,
Date of publication, distribution, etc. 2007.
300 ## - PHYSICAL DESCRIPTION
Extent 311 p. ;
Dimensions 19 cm.
500 ## - GENERAL NOTE
General note Originally published: 2003.
650 #4 - SUBJECT ADDED ENTRY--TOPICAL TERM
Topical term or geographic name entry element Swedish fiction
General subdivision Translations into English.
650 #4 - SUBJECT ADDED ENTRY--TOPICAL TERM
Topical term or geographic name entry element Swedish literature
Chronological subdivision 21st century.
650 #4 - SUBJECT ADDED ENTRY--TOPICAL TERM
Topical term or geographic name entry element English fiction
General subdivision Foreign countries.
650 #4 - SUBJECT ADDED ENTRY--TOPICAL TERM
Topical term or geographic name entry element Detective and mystery stories.
650 #4 - SUBJECT ADDED ENTRY--TOPICAL TERM
Topical term or geographic name entry element Murder
General subdivision Investigation
Geographic subdivision Sweden.
700 0# - ADDED ENTRY--PERSONAL NAME
Personal name Tucker, Katarina E.,
Relator term translator.
Holdings
Withdrawn status Lost status Source of classification or shelving scheme Damaged status Not for loan Home library Current library Date acquired Total Checkouts Full call number Barcode Date last seen Copy number Price effective from Koha item type
              11/27/2022   839.78 T869 2007 1000000010273 11/27/2022 C1 11/27/2022 Book